| 000 | 00557nam a2200205Ia 4500 | ||
|---|---|---|---|
| 008 | 131103s9999 xx 000 0 und d | ||
| 020 | _cRs.20 | ||
| 040 | _aLoreto College | ||
| 041 | _aEnglish | ||
| 082 |
_a370/RUH;370/SOR _bLCLIB/26047 |
||
| 245 |
_aSocial determinants of educability in India _cedited by S.P.Ruhela |
||
| 260 |
_aDelhi _bJain Brothers _c1969 |
||
| 300 |
_axxvii,267 p. _c 10 cm. |
||
| 504 | _aIncludes bibliography | ||
| 650 | _aEducation | ||
| 651 | _aEducation | ||
| 700 | _aRuhela, S.P.,ed. | ||
| 850 | _aLCLIB | ||
| 942 | _cBK | ||
| 999 |
_c2989 _d53468 |
||